00330nam a22001337a 4500020001800000040000900018082001200027100002400039110003700063245002000100250001600120260004800136650001200184 a9780495554981 cNUST a530 VUI a Serway, Raymond A. a Faughn, Jerry S. Vuille, Chris aCollege Physics a8th Edition aUSA;bBrooks/Cole Cengage Learning, c2009. aPhysics